000 00389nam a2200181Ia 4500
001 15408
005 20260306170154.0
008 260306t2007||||xx |||||||||||||| ||und||
041 _aESP
082 _a540
_bA53
100 _aAmerican Chemical Society
_eAUT
245 0 _aQuĂ­mica
260 _c2007
300 _a
_c
650 _aGEN
654 _aCCN
942 _cLIB
_dJUS
_fJUS
_2ddc
_n
999 _c15408
_d15408